书目信息 |
| 题名: |
中文Office XP从入门到精通
|
|
| 作者: | 海博 编著 | |
| 分册: | ||
| 出版信息: | 上海 浦东电子出版社 2002.10 |
|
| 页数: | 176页 | |
| 开本: | 21cm | |
| 丛书名: | ||
| 单 册: | ||
| 中图分类: | TP341.1 | |
| 科图分类: | ||
| 主题词: | 计算机--教程 | |
| 电子资源: | ||
| ISBN: | 7-900360-47-6 | |
| 000 | 00636nam0 2200217 450 | |
| 001 | 012006000000 | |
| 005 | 20071018090511.09 | |
| 010 | @a7-900360-47-6@dCNY28.00 | |
| 100 | @a20070509d2002 em y0chiy0110 ea | |
| 101 | 0 | @achi |
| 102 | @aCN@b310000 | |
| 105 | @aa z 000yy | |
| 200 | 1 | @a中文Office XP从入门到精通@AZhong Wen Office XP Cong Ru Men Dao Jing Tong@f海博编著@FHai Bo Bian Zhu |
| 210 | @a上海@c浦东电子出版社@d2002.10 | |
| 215 | @a176页@c图@d21cm | |
| 606 | 0 | @a计算机@j教程 |
| 690 | @aTP341.1@v4 | |
| 701 | 0 | @a海博@AHai Bo@4编著 |
| 801 | 0 | @aCN@bBJSWSY@c20071018 |
| 905 | @aBZT@dTP341.1@e1 | |
| 906 | @dCNY28.00@n0@r1 | |
| 中文Office XP从入门到精通/海博编著.-上海:浦东电子出版社,2002.10 |
| 176页:图;21cm |
| ISBN 7-900360-47-6:CNY28.00 |
| ● |
| 相关链接 |
|
|
|
正题名:中文Office XP从入门到精通
索取号:TP341.1/1
 
预约/预借
| 序号 | 登录号 | 条形码 | 馆藏地/架位号 | 状态 | 备注 |
| 1 | 597175 | 230155018 | 中心书库中库/ 中库027架A面4列2层2/ [索取号:TP341.1/1] | 在馆 | |
| 2 | 597176 | 230155020 | 中心书库中库/ 中库027架A面4列2层1/ [索取号:TP341.1/1] | 在馆 | |
| 3 | 597177 | 230155021 | 中心书库中库/ 中库027架A面4列2层3/ [索取号:TP341.1/1] | 在馆 | |
| 4 | 597178 | 230155019 | 中心书库中库/ 中库027架A面4列1层56/ [索取号:TP341.1/1] | 在馆 | |
| 5 | 597179 | 230155022 | 中心书库中库/ 中库027架A面4列2层4/ [索取号:TP341.1/1] | 在馆 |